Cidades Brasileiras que fazem aniversario em 17/06 - Statistics

Estatísticas Gerais
  • Esse quiz foi jogado 4 vezes
  • A pontuação média é 5 de 10
Estatísticas das Respostas
Estado Primeira Letra Última Letra Número de Palavras Número de Letras Resposta % Correto
GO A A 1 8 Aloândia
67%
MG M M 1 5 Mutum
67%
SE S O 2 12 São Francisco
67%
RJ S A 4 14 São João da Barra
67%
SP S L 2 9 São Manuel
67%
PB B O 2 10 Bom Sucesso
33%
MG E A 1 7 Ervália
33%
PB L O 1 6 Lastro
33%
PB V A 2 12 Vista Serrana
33%
PB M A 1 8 Matacara
0%
Nenhum quiz correspondente encontrado
Distribuição das Pontuações
Porcentagem de Pessoas com Cada Pontuação
Percentil de Números Respondidos
Sua Pontuação Histórica
Você não jogou esse quiz